Statistics for Hells Kitchen Season 2 Contestants

Click here to take the quiz!

General Stats

  • This quiz has been taken 32 times
  • The average score is 9 of 12

Answer Stats

HintAnswer% Correct
WinnerHeather West
100%
Runner UpVirginia Dalbeck
100%
3rdKeith Greene
90%
7thRachel Brown
86%
4thSara Horowitz
86%
5thGarrett Telle
81%
8thTom Pauly
81%
11thLarry Sik
76%
12thPolly Holladay
76%
10thGabe Gagliardi
71%
6thMaribel Miller
52%
9thGiacamo Alfieri
38%

Score Distribution

Percentile by Number Answered

Percent of People with Each Score

Your Score History

You have not taken this quiz